Cold in the Answers - Statistics

General Stats
  • This quiz has been taken 93,639 times
    19,913 since last reset
  • The average score is 13 of 18
Answer Stats
Clue Answer % Correct
USA vs. USSR Cold War
96%
Chris Martin's band Coldplay
93%
Long-term unsolved crime Cold case
91%
After a nightmare, you might wake up in a... Cold sweat
89%
Reptiles are ectothermic, meaning that they have ____ ____ Cold blood
88%
Method to quit smoking Cold turkey
84%
What a reluctant groom has Cold feet
83%
To snub someone is to give them the ... Cold shoulder
83%
Sliced deli meat Cold cut
71%
It's caused by Herpes Simplex 1 Cold sore
67%
Cool mass of air moving in Cold front
66%
Coffee made without boiling water Cold brew
63%
Sales pitch to a stranger Cold call
62%
There's no cure for it Common cold
59%
Wrestler Steve Austin Stone Cold
55%
Cure for unwanted arousal? Cold shower
52%
Energy source of the future? Cold fusion
41%
Madonna: "The boy with the ___ ___ ___ is always Mr. Right" Cold hard cash
22%
No matching quizzes found
Score Distribution
Percent of People with Each Score
Percentile by Number Answered
Your Score History
You have not taken this quiz since the last reset